| 000 | 00650nam a2200229Ia 4500 | ||
|---|---|---|---|
| 005 | 20260429111858.0 | ||
| 008 | 260429s9999||||xx |||||||||||||| ||und|| | ||
| 020 | _a9781782629535 | ||
| 041 | _aEnglish | ||
| 082 |
_a548 _bFAR |
||
| 100 | _aFaraday | ||
| 245 | 0 |
_aNew directions in porous crystalline materials / _cFaraday |
|
| 260 |
_aCambridge : _bRoyal Society of Chemistry, _c2018. |
||
| 300 | _a411 p.; hb | ||
| 440 | _aFaraday Discussion, Volume 201 | ||
| 650 | _a Advanced materials | ||
| 650 | _a Crystalline materials | ||
| 650 | _a Materials chemistry | ||
| 650 | _a Nanostructures | ||
| 650 | _aPorous materials | ||
| 942 | _cTB | ||
| 999 |
_c51246 _d51246 |
||